[Event "Sant Miquel Olerdola op 15th"]
[Site "Sant Miquel Olerdola"]
[Date "2024.05.10"]
[Round "5"]
[White "Vilella Bertran, Joan"]
[Black "Toribio Ruiz, Ismael"]
[Result "1-0"]
[WhiteElo "1958"]
[BlackElo "1797"]
[PlyCount "103"]
[EventDate "2024.04.12"]
[EventType "swiss"]
[EventRounds "8"]
[EventCountry "ESP"]
[SourceTitle "EXT 2025"]
[Source "ChessBase"]
[SourceDate "2024.10.14"]
[SourceVersion "1"]
[SourceVersionDate "2024.10.14"]
[SourceQuality "1"]

1. c4 Nf6 2. Nc3 b6 3. e4 d6 4. f4 Nbd7 5. Nf3 e5 6. d3 g6 7. Qa4 exf4 8. Bxf4 Bg7 9. Qc6 Ba6 10. e5 dxe5 11. Nxe5 0-0 12. Nxd7 Nxd7 13. 0-0-0 Ne5 14. Qd5 c6 15. Qxd8 Raxd8 16. Bxe5 Bxe5 17. g3 Bxc3 18. bxc3 c5 19. Bg2 Bc8 20. Be4 f5 21. Bd5+ Kg7 22. Rde1 Rde8 23. Bc6 Rxe1+ 24. Rxe1 Kf6 25. d4 cxd4 26. cxd4 Rd8 27. Bd5 b5 28. Re5 bxc4 29. Kc2 Bd7 30. Bxc4 Rc8 31. Kd3 Rc7 32. Re2 Rb7 33. d5 h5 34. Kd4 g5 35. d6 Rb6 36. Kc5 Rc6+ 37. Kd5 Rb6 38. Re7 Rb7 39. Kc5 Bc8 40. Re3 Rg7 41. Re8 Bd7 42. Rf8+ Ke5 43. Ra8 Ba4 44. Rh8 f4 45. gxf4+ Kxf4 46. Rxh5 Bd1 47. Rh8 Ba4 48. Bd5 Ke5 49. Bc6 Bxc6 50. Kxc6 Ke6 51. Re8+ Kf5 52. d7 1-0

[Event "Sant Adria de Besos op 2nd B"]
[Site "Sant Adria de Besos"]
[Date "2018.08.12"]
[Round "4.4"]
[White "Toribio Ruiz, Ismael"]
[Black "Losada Ferriz, Juan Manel"]
[Result "0-1"]
[WhiteElo "1713"]
[BlackElo "1827"]
[PlyCount "31"]
[EventDate "2018.08.10"]
[EventType "swiss"]
[EventRounds "9"]
[EventCountry "ESP"]
[SourceTitle "EXT 2024"]
[Source "ChessBase"]
[SourceDate "2023.10.10"]
[SourceVersion "1"]
[SourceVersionDate "2023.10.10"]
[SourceQuality "1"]

1. e4 e5 2. c3 d5 3. exd5 Qxd5 4. d3 Nf6 5. Nf3 Bg4 6. Be2 Nc6 7. Nbd2 0-0-0 8. 0-0 e4 9. dxe4 Nxe4 10. Qb3 Nxd2 11. Qxd5 Rxd5 12. c4 Rd7 13. Nxd2 Bxe2 14. Re1 Bh5 15. Nb3 Bb4 16. Be3 0-1